1021 1887 1242 1168 1486 1596 1221 1210 1132 1425 1422 1539 1523 1624 1443 1001 1655 1513 1781 1276 1788 1414 1344 1168 1673 1701 1780 1097 1421 1588 1731 1329 1477 1283 1523 1524 1430 1320 1561 1252 1082 1329 1191 1165 1147 1477 1342 1264 1647 1076 1106 1481 1538 1311 1290 1333 1516 1234 1088 1320 1152 1114 1602 1313 1926 1419 1991 1569 1702 1627 1444 1364 1622 1667 1999 1946 1784 1645 1438 1635 1349 1396 1955 1868 1845 1648 1455 1248 1611 1786 1903 1760 1792 1072 1364 1593 1761 1052 1954 BCNSPRNW ULIB Ver.6.0+V

เปลี่ยนเป็นภาษาไทย

Change to English
 แสดงรายละเอียดบรรณานุกรม
  กลับหน้าหลัก

Brief Record : Get Marc (ISO 2709) : E-mail record : QR code < ปิดหน้าต่าง
LEADER : 00000nam 2200000uu 4500
001    13399114472
003     ULIB
008    120404s2552||||th 000 0 tha d
020    ^a9786160600793
090    ^aนว.^bจ757F 2552
100 0  ^aเจ้าหญิงผู้เลอโฉม
245 00 ^aFake หลอกรักลวงหัวใจยัยตัวร้าย/^cเจ้าหญิงผู้เลอโฉม
250    ^aพิมพ์ครั้งที่ 1
260    ^aกรุงเทพฯ :^bแจ่มใส,^c2552
300    ^a261 หน้า
710 1  ^aแจ่มใส
945    ^p189^l0^i16424
995    ^aกัณชพร
999    ^aใช้งานได้ทุกระบบ
รายการนี้ยังไม่มีแท็ก
คุณยังไม่ได้ล็อกอิน คุณสามารถมีกิจกรรมร่วมกับเว็บไซต์ได้ แต่ต้องล็อกอินก่อน ::
  ล็อกอิน

รายการสื่อสารสนเทศ

ลำดับที่ ประเภท เลขเรียก/บาร์โค้ด สถานที่ สถานะ
1. นวนิยาย
นวนิยาย
นว. จ757F 2552  
  Barcode: 16424
ห้องสมุดวิทยาเขตสวรรค์ประชารักษ์
►นวนิยาย
บนชั้น
  ขอยืม

รายการใกล้เคียง
    ผู้แต่ง [เจ้าหญิงผู้เลอโฉม]

BibComment


ยังไม่เคยถูกคอมเมนท์

คอมเมนท์ทรัพยากรรายการนี้
  คอมเมนท์: Fake หลอกรักลวงห..


 Copyright 2026. Bcnsprnw @Library